[Event "ICS rated blitz match"]
[Site "207.99.83.229"]
[Date "1999.06.29"]
[Round "?"]
[White "topolino"]
[Black "Hossa"]
[Result "0-1"]
[WhiteElo "2637"]
[BlackElo "2399"]
[PlyCount "128"]

1. e4 e5 2. Nf3 Nc6 3. Bb5 a6 4. Ba4 Nf6 5. O-O Be7 6. Re1 b5 7. Bb3 O-O 8. c3
d6 9. h3 Re8 10. d4 h6 11. Nbd2 Bf8 12. Nf1 exd4 13. cxd4 d5 14. e5 Ne4 15. Re2
Bf5 16. Ne3 Be6 17. Qc2 Nb4 18. Qb1 c5 19. Nxd5 Ng3 20. fxg3 Nxd5 21. Qe4 cxd4
22. Nxd4 Bc5 23. Rd2 Nf6 24. exf6 Bxb3 25. Qf4 g5 26. Qf2 Re4 27. axb3 Bxd4 28.
Rxd4 Qxd4 29. Qxd4 Rxd4 30. Be3 Rd3 31. Kf2 Rd6 32. Ke2 Rc8 33. Rd1 Rc2+ 34.
Rd2 Rdxd2+ 35. Bxd2 a5 36. Kd1 Rxb2 37. Bxa5 Rxb3 38. Be1 Rb1+ 39. Ke2 b4 40.
h4 g4 41. h5 b3 42. Bc3 b2 43. Bxb2 Rxb2+ 44. Ke3 Rxg2 45. Kf4 Kh7 46. Kxg4 Rh2
47. Kf3 Rxh5 48. Kf2 Rh3 49. Kg2 Rxg3+ 50. Kxg3 Kg6 51. Kg4 Kxf6 52. Kf4 h5 53.
Kg3 Kg5 54. Kf3 f5 55. Kg2 Kg4 56. Kf2 f4 57. Kf1 h4 58. Ke1 h3 59. Kf1 f3 60.
Kf2 h2 61. Ke1 h1=Q+ 62. Kf2 Qh6 63. Kf1 Kg3 64. Ke1 64... Qc1# {
topolino checkmated} 0-1

[Event "ICS rated blitz match"]
[Site "207.99.83.229"]
[Date "1999.06.29"]
[Round "?"]
[White "Hossa"]
[Black "rotov"]
[Result "1-0"]
[WhiteElo "2425"]
[BlackElo "2203"]
[Annotator "Fritz 5.32 (22s)"]
[PlyCount "43"]

1. e4 1... d5 {Opening = B01 - 1.e4 d5} 2. exd5 Nf6 3. d4 Nxd5 4. Nf3 g6 5. c4
Nb6 6. Nc3 Bg7 7. Bf4 (7. h3 O-O 8. Be3 Nc6 9. Qd2 e5 10. d5 Na5 11. b3 e4 12.
Ng5 f5 13. Rc1 h6 14. Ne6 Bxe6 15. dxe6 Qxd2+ 16. Bxd2 c5 17. e7 Rf7 18. Nb5
Nc6 19. Nc7 Rxe7 20. Nxa8 Nxa8 21. g4 Nc7 22. gxf5 gxf5 23. Rg1 Kh7 24. Be2 Ne6
25. Kf1 Bf6 26. Rd1 Ncd4 27. Bh5 Bg5 28. h4 Bxd2 29. Rxd2 Nf4 30. Bd1 a5 31.
Rg3 Ng6 32. h5 Ne5 33. a3 b6 34. Re3 Kg7 35. Be2 Kf6 36. Rg3 Rg7 37. Rxg7 Kxg7
38. b4 axb4 39. axb4 Kf6 40. b5 f4 41. f3 41... exf3 {
Nataf,I-Boric,M/EuClub Cup qual Gp 1997/0-1 (54)}) (7. c5 Nd5 8. Bc4 c6 9. Qb3
O-O 10. O-O Nxc3 11. bxc3 b5 12. cxb6 axb6 13. Ng5 e6 14. Ne4 Ba6 15. a4 Bxc4
16. Qxc4 Qd5 17. Qe2 Nd7 18. Ba3 Rfd8 19. c4 Qa5 20. Bb2 Nf6 21. Bc3 21... Qf5
{Burnett,R-Wall,T/Oxford ENG 1998/0-1 (40)}) 7... O-O 8. Be2 8... Nc6 $14 (8...
Bg4 9. c5 9... Nd5 $11) (8... c6 9. O-O Bg4 10. c5 Nd5 11. Bg3 Nxc3 12. bxc3
Nd7 13. h3 Bxf3 14. Bxf3 e5 15. Qa4 Re8 16. Rab1 e4 17. Be2 b5 18. cxb6 Nxb6
19. Qb3 Qe7 20. Ba6 Qg5 21. Bb7 Rad8 22. Bc7 Qd5 23. Qxd5 {
Freudenberg,J-Boesch,D/Berlin 1996/1-0 (39)}) 9. Nb5 e5 10. dxe5 Qe7 11. O-O
11... a6 $16 (11... Rd8 $5 12. Qb3 Nxe5 13. Nxe5 13... Bxe5 $14) 12. Bg5 f6 13.
Bxf6 Bxf6 14. exf6 Rxf6 15. c5 axb5 16. cxb6 16... Bg4 $16 (16... Rd6 17. Qb3+
Be6 18. Qe3 $16 (18. Qxb5 $2 {uebersieht} 18... Ra5 $19)) 17. bxc7 Qxc7 18.
Qd5+ Kg7 19. Rfd1 Raf8 20. Qxb5 R8f7 (20... Bxf3 21. Bxf3 Ne5 22. Rac1 $18) 21.
Rac1 Qf4 (21... Re7 22. Rd2 $18) 22. Rc4 (22. Rc4 Qf5 23. Qxf5 Bxf5 24. Rc3 $18
) 1-0

[Event "ICS Rated blitz match"]
[Site "207.99.83.229"]
[Date "1999.06.30"]
[Round "?"]
[White "Beadle"]
[Black "Hossa"]
[Result "1-0"]
[WhiteElo "2616"]
[BlackElo "2432"]
[PlyCount "135"]

1. e4 e5 2. Nf3 Nc6 3. Bb5 a6 4. Ba4 Nf6 5. O-O Be7 6. Bxc6 dxc6 7. d3 Nd7 8.
Be3 O-O 9. a4 Bd6 10. Nbd2 Nf6 11. Nc4 Bg4 12. a5 Nd7 13. h3 Bh5 14. c3 Qf6 15.
g4 Bg6 16. Kh2 Rae8 17. h4 h6 18. h5 Bh7 19. b4 Qe6 20. Nfd2 Qf6 21. Kg1 Qh4
22. Qe2 Nf6 23. f3 Qh3 24. Qg2 Qxg2+ 25. Kxg2 Re6 26. Nb3 Kh8 27. Ra2 Be7 28.
d4 Nxe4 29. fxe4 Bxe4+ 30. Kg1 exd4 31. Bxd4 Bd3 32. Ne5 Bxf1 33. Kxf1 Re8 34.
Nxf7+ Kg8 35. Ne5 c5 36. bxc5 Bf6 37. Nf3 Be7 38. Rb2 Rf8 39. Nbd2 Bg5 40. Kf2
Bxd2 41. Rxd2 g6 42. Rb2 gxh5 43. gxh5 Rb8 44. Ne5 Kh7 45. Rb1 Re7 46. c6 Rf8+
47. Nf3 bxc6 48. Bc5 Rxf3+ 49. Kxf3 Re5 50. Bd4 Rxh5 51. Rb7 Rxa5 52. Rxc7+ Kg8
53. Rxc6 h5 54. Ke4 Kh7 55. Rc7+ Kg6 56. Rg7+ Kh6 57. Ra7 Kg5 58. c4 h4 59. c5
Ra2 60. Rh7 a5 61. c6 Rc2 62. c7 Kg6 63. Rg7+ Kh6 64. Kf5 h3 65. Rf7 Rc6 66.
Be3+ Kh5 67. Rh7+ Rh6 68. Rxh6# {Hossa checkmated} 1-0

[Event "ICS Rated standard match"]
[Site "207.99.83.229"]
[Date "1999.06.30"]
[Round "?"]
[White "Hossa"]
[Black "robbok1"]
[Result "0-1"]
[WhiteElo "2240"]
[BlackElo "2487"]
[PlyCount "103"]

1. e4 c5 2. Nf3 Nc6 3. d4 cxd4 4. Nxd4 e5 5. Nb5 d6 6. N1c3 a6 7. Na3 b5 8. Nd5
Nce7 9. c4 Nxd5 10. Qxd5 Be6 11. Qd1 Nf6 12. cxb5 Nxe4 13. bxa6 f5 14. Bb5+ Kf7
15. O-O d5 16. Nc2 Qc7 17. Bd3 Be7 18. Ne3 Bc5 19. Qf3 g6 20. Ng4 f4 21. Qe2 h5
22. Bxe4 dxe4 23. Ne3 fxe3 24. Bxe3 Bxe3 25. fxe3+ Kg7 26. Qf2 Rxa6 27. Rac1
Qe7 28. a3 Rd8 29. Rc3 Rad6 30. Qc2 Rd3 31. Rc7 R8d7 32. Rxd7 Bxd7 33. Qf2 Bf5
34. h4 Qc5 35. Re1 Rb3 36. Kh1 Qb6 37. Qg3 Kf6 38. Qg5+ Ke6 39. g4 hxg4 40. h5
Qb8 41. Qh6 Qg8 42. Rg1 Rxb2 43. hxg6 Qxg6 44. Qh8 Qh7+ 45. Qxh7 Bxh7 46. Rxg4
Rb3 47. Rg3 Rxa3 48. Kg2 Bf5 49. Kf2 Ra2+ 50. Ke1 Kf6 51. Rg8 Be6 52. Rf8+ {
Hossa resigns} 0-1

[Event "ICS rated standard match"]
[Site "207.99.83.229"]
[Date "1999.06.30"]
[Round "?"]
[White "OHFish"]
[Black "Hossa"]
[Result "0-1"]
[WhiteElo "1907"]
[BlackElo "2234"]
[PlyCount "24"]

1. e4 e5 2. Bc4 Bc5 3. Nf3 Nc6 4. O-O Nf6 5. d4 Bxd4 6. Nxd4 exd4 7. e5 Nxe5 8.
Re1 Qe7 9. f4 Nfg4 10. fxe5 Qh4 11. Bf4 Qf2+ 12. Kh1 12... Qxf4 {OHFish resigns
} 0-1

[Event "ICS rated standard match"]
[Site "207.99.83.229"]
[Date "1999.06.30"]
[Round "?"]
[White "Hossa"]
[Black "grshppr"]
[Result "1-0"]
[WhiteElo "2238"]
[BlackElo "1861"]
[PlyCount "88"]

1. e4 c5 2. Bc4 a6 3. Nf3 e6 4. O-O d5 5. Bd3 c4 6. Be2 dxe4 7. Ne5 b5 8. a4
Bb7 9. Bh5 g6 10. Be2 Bd6 11. f4 Bxe5 12. fxe5 Nc6 13. Ra3 Qd4+ 14. Re3 Nxe5
15. axb5 axb5 16. Kh1 Ne7 17. b3 Nf5 18. Rh3 O-O 19. Ba3 Rfd8 20. bxc4 Nxc4 21.
Bxc4 bxc4 22. Qe2 Ra4 23. Bc1 Ra1 24. Na3 Bd5 25. Nb5 Qc5 26. Nc3 Rxc1 27. Rxc1
Qd4 28. Rf1 Bc6 29. Nb1 e5 30. Rxf5 gxf5 31. Qh5 Rd6 32. Qxh7+ Kf8 33. Qxf5 Qb2
34. Qf1 Qxc2 35. Rc3 Qb2 36. Qg1 Rd4 37. Rh3 Rd3 38. Rxd3 cxd3 39. h3 e3 40.
Qxe3 Qxb1+ 41. Kh2 Qb2 42. Qxd3 e4 43. Qd6+ Kg7 44. Qxc6 44... Qc2 {
grshppr resigns} 1-0

[Event "ICS rated blitz match"]
[Site "207.99.83.229"]
[Date "1999.06.30"]
[Round "?"]
[White "mamaburra"]
[Black "Hossa"]
[Result "0-1"]
[WhiteElo "2098"]
[BlackElo "2424"]
[PlyCount "42"]

1. d4 d5 2. c4 e6 3. Nc3 Nf6 4. cxd5 exd5 5. Bg5 Be7 6. e3 h6 7. Bh4 O-O 8. Nf3
g5 9. Bg3 c5 10. Ne5 Nbd7 11. h4 cxd4 12. exd4 Nxe5 13. dxe5 Ne4 14. Nxe4 dxe4
15. Qxd8 Rxd8 16. Bc4 Bb4+ 17. Ke2 Bg4+ 18. f3 Rd2+ 19. Ke3 Rxg2 20. fxg4 Rxg3+
21. Kxe4 21... Rxg4+ {mamaburra resigns} 0-1

[Event "ICS rated blitz match"]
[Site "207.99.83.229"]
[Date "1999.06.30"]
[Round "?"]
[White "Hossa"]
[Black "Cop23"]
[Result "1-0"]
[WhiteElo "2428"]
[BlackElo "2132"]
[PlyCount "81"]

1. e4 c5 2. Bc4 e6 3. Nc3 Ne7 4. Nf3 Nbc6 5. O-O d5 6. Bb3 g6 7. d3 Bg7 8. Bg5
d4 9. Na4 Qd6 10. e5 Nxe5 11. Nd2 b6 12. Ne4 Qc7 13. f4 Nd7 14. Bxe7 Kxe7 15.
c4 Bb7 16. Qe2 Rae8 17. Rae1 Kd8 18. Bd1 Bc6 19. a3 Nf6 20. Nxf6 Bxf6 21. b4
Qd7 22. Nb2 Bh4 23. g3 Bf6 24. bxc5 bxc5 25. Qd2 Ke7 26. Qa5 Kf8 27. Na4 Ba8
28. Nxc5 Qc8 29. Qxa7 Be7 30. Nd7+ Kg8 31. Ba4 Rd8 32. Rb1 Bc5 33. Nxc5 e5 34.
fxe5 Rf8 35. Bd7 Qd8 36. Rf6 Qe7 37. Ne6 Rd8 38. Rb8 fxe6 39. Bxe6+ Qxe6 40.
Rxd8+ Qe8 41. Rxe8# {Cop23 checkmated} 1-0

[Event "ICS Rated blitz match"]
[Site "207.99.83.229"]
[Date "1999.06.30"]
[Round "?"]
[White "Talmoves"]
[Black "Hossa"]
[Result "1-0"]
[WhiteElo "2594"]
[BlackElo "2430"]
[PlyCount "50"]

1. c4 c5 2. Nf3 Nf6 3. Nc3 d5 4. cxd5 Nxd5 5. g3 Nxc3 6. bxc3 e5 7. Nxe5 Qd5 8.
Qa4+ Nc6 9. Nxc6 Qxh1 10. Ne5+ Ke7 11. Ba3 Qd5 12. f4 Be6 13. e4 Qd6 14. d4 b6
15. Rd1 Bd7 16. Qb3 Qe6 17. dxc5 Qxb3 18. Rxd7+ Ke8 19. axb3 Be7 20. Bb5 Kf8
21. cxb6 Bxa3 22. Rxf7+ Kg8 23. Rxa7 Rc8 24. Rc7 h5 25. Rxc8+ 25... Kh7 {
Hossa resigns} 1-0

[Event "ICS rated blitz match"]
[Site "207.99.83.229"]
[Date "1999.06.30"]
[Round "?"]
[White "Hossa"]
[Black "Talmoves"]
[Result "0-1"]
[WhiteElo "2421"]
[BlackElo "2603"]
[PlyCount "117"]

1. e4 d6 2. d4 Nf6 3. Nc3 g6 4. Be2 Bg7 5. h4 h5 6. Nf3 c6 7. Bg5 Bg4 8. Qd2
Na6 9. O-O-O Nc7 10. e5 dxe5 11. dxe5 Qxd2+ 12. Nxd2 Nd7 13. Rhe1 Ne6 14. f3
Nxg5 15. fxg4 Ne6 16. gxh5 gxh5 17. Nf3 Bh6+ 18. Kb1 O-O-O 19. Bc4 Rhg8 20.
Bxe6 fxe6 21. Re2 Rg4 22. Ne4 Nf8 23. Rxd8+ Kxd8 24. a4 Bf4 25. Nc5 b6 26. Nd3
Bh6 27. a5 Ng6 28. axb6 axb6 29. Nh2 Rxh4 30. Nf3 Rg4 31. Nh2 Rg3 32. Nf1 Rg5
33. Nh2 Nh4 34. Ne1 Rg3 35. Nf1 Rg8 36. c3 Kd7 37. Ka2 Ra8+ 38. Kb1 Ng6 39. b4
Kc7 40. Nf3 Rd8 41. Kb2 Nf4 42. Re4 Nxg2 43. Nd4 Kd7 44. Re2 Nf4 45. Re4 Rg8
46. b5 c5 47. Nf3 Rg2+ 48. N3d2 Ng6 49. Kc2 h4 50. Kd1 h3 51. Nc4 Kc7 52. Re1
Nf4 53. Nfe3 Ra2 54. Nc2 Nd5 55. Rh1 Nxc3+ 56. Ke1 Rxc2 57. Rxh3 Bg5 58. Na3
Ra2 59. Nc4 {Hossa resigns} 0-1

[Event "ICS Rated blitz match"]
[Site "207.99.83.229"]
[Date "1999.06.30"]
[Round "?"]
[White "Hossa"]
[Black "Amateur"]
[Result "1-0"]
[WhiteElo "2410"]
[BlackElo "2467"]
[PlyCount "109"]

1. e4 e5 2. Nf3 Nc6 3. Bb5 a6 4. Bxc6 dxc6 5. O-O Nf6 6. Nxe5 Nxe4 7. Re1 Qd4
8. d3 Qxf2+ 9. Kh1 Ng3+ 10. hxg3 Be6 11. Qe2 Qxg3 12. Nxf7 Qh4+ 13. Kg1 Bc5+
14. Be3 Kxf7 15. Rf1+ Ke7 16. Bxc5+ Kd7 17. Qe5 Qg4 18. Qd4+ Qxd4+ 19. Bxd4
Rhg8 20. Nc3 Rad8 21. Rae1 Rde8 22. Ne4 Kc8 23. Ng5 Bxa2 24. b3 Rxe1 25. Rxe1
h6 26. Ne4 c5 27. Nxc5 Rd8 28. Bxg7 h5 29. Be5 Re8 30. d4 Re7 31. Rf1 Kb8 32.
Rc1 Rf7 33. Ne6 Re7 34. Nxc7 Ka7 35. Nd5 Re6 36. Ra1 Bxb3 37. cxb3 Rc6 38. b4
Rg6 39. b5 Rh6 40. bxa6 Rxa6 41. Rxa6+ bxa6 42. Ne7 h4 43. Nf5 Kb7 44. d5 Kc8
45. Nd6+ Kc7 46. Nc4+ Kd8 47. Nb6 h3 48. d6 h2+ 49. Kxh2 Ke8 50. d7+ Kd8 51.
Bf6+ Kc7 52. d8=Q+ Kb7 53. Bd4 a5 54. Qc8+ Ka7 55. Nd5# {Amateur checkmated}
1-0

[Event "ICS rated bullet match"]
[Site "207.99.83.229"]
[Date "1999.06.30"]
[Round "?"]
[White "Amateur"]
[Black "Hossa"]
[Result "0-1"]
[WhiteElo "2452"]
[BlackElo "2477"]
[PlyCount "88"]

1. e4 c5 2. Nf3 Nc6 3. d4 cxd4 4. Nxd4 e5 5. Nb5 d6 6. c4 Be7 7. N1c3 a6 8. Na3
Be6 9. Bd3 Nf6 10. Qb3 Rc8 11. Qxb7 Nd7 12. Be3 Rc7 13. Qb3 Bg5 14. Bb6 Nxb6
15. Qxb6 Qd7 16. h4 Bd8 17. O-O-O Nd4 18. Kb1 Rb7 19. Qxa6 Ra7 20. Qxa7 Qxa7
21. Ncb5 Qc5 22. h5 O-O 23. h6 g6 24. Nxd4 exd4 25. f4 Bf6 26. f5 Bd7 27. Nc2
Rb8 28. fxg6 fxg6 29. Rdf1 Bg5 30. Ka1 Qb6 31. b3 Bd2 32. Kb1 Qc5 33. Rf2 Bc3
34. Rhf1 Qg5 35. c5 Be6 36. Rf6 Bxb3 37. axb3 Rxb3+ 38. Ka2 Rb2+ 39. Ka1 Rxc2+
40. Kb1 Rb2+ 41. Ka1 Rb4+ 42. Ka2 Qd2+ 43. Bc2 Qxc2+ 44. Ka3 44... Qb2# {
Amateur checkmated} 0-1

[Event "ICS Rated blitz match"]
[Site "207.99.83.229"]
[Date "1999.06.30"]
[Round "?"]
[White "Hossa"]
[Black "Jfreile"]
[Result "1-0"]
[WhiteElo "2429"]
[BlackElo "2249"]
[PlyCount "51"]

1. e4 c5 2. Bc4 e6 3. Nc3 a6 4. Nf3 b5 5. Bd3 Bb7 6. O-O d6 7. a4 b4 8. Ne2 Nf6
9. Ng5 h6 10. Nf3 Bxe4 11. Bxe4 Nxe4 12. d3 Nf6 13. Qd2 Nbd7 14. d4 Rb8 15. Qd3
Qb6 16. Re1 Be7 17. Bf4 cxd4 18. Nexd4 e5 19. Nf5 Bf8 20. Bxe5 dxe5 21. Nxe5
Nxe5 22. Rxe5+ Qe6 23. Rxe6+ fxe6 24. Qe3 Bc5 25. Qxe6+ Kf8 26. Nh4 {
Jfreile resigns} 1-0

[Event "ICS Rated blitz match"]
[Site "207.99.83.229"]
[Date "1999.06.30"]
[Round "?"]
[White "Beadle"]
[Black "Hossa"]
[Result "1-0"]
[WhiteElo "2624"]
[BlackElo "2437"]
[PlyCount "108"]

1. e4 c5 2. c3 e6 3. d4 d5 4. e5 cxd4 5. cxd4 Nc6 6. Nf3 Bb4+ 7. Nc3 Bxc3+ 8.
bxc3 Qc7 9. Rb1 Nge7 10. Bd3 f6 11. exf6 gxf6 12. Qd2 Bd7 13. Qf4 Qxf4 14. Bxf4
O-O-O 15. O-O Rdg8 16. Rfe1 Rg4 17. g3 h5 18. h3 Rg7 19. Rb2 h4 20. g4 Ng6 21.
Bd6 Nd8 22. c4 Nf7 23. Bh2 dxc4 24. Bxc4 Re8 25. Ba6 Nd8 26. Bxb7+ Nxb7 27.
Rc1+ Kd8 28. Rxb7 e5 29. Rxa7 Re6 30. dxe5 fxe5 31. Rc5 Rd6 32. Bxe5 Rd1+ 33.
Kg2 Rf7 34. Ra6 Nxe5 35. Nxe5 Rg7 36. Rh6 Rd2 37. a3 Ra2 38. Rd6 Rb2 39. Rcd5
Rb7 40. a4 Rc7 41. Nxd7 Rgxd7 42. Rxd7+ Rxd7 43. Rxd7+ Kxd7 44. f4 Ke7 45. g5
Kd6 46. g6 Ke7 47. a5 Kf6 48. f5 Kxf5 49. g7 Kf4 50. a6 Ke4 51. a7 Ke3 52. g8=Q
Ke4 53. a8=Q+ Kd4 54. Qg4+ 54... Kc5 {Hossa resigns} 1-0

[Event "ICS Rated blitz match"]
[Site "207.99.83.229"]
[Date "1999.06.30"]
[Round "?"]
[White "Hossa"]
[Black "Beadle"]
[Result "0-1"]
[WhiteElo "2429"]
[BlackElo "2632"]
[PlyCount "75"]

1. e4 Nc6 2. Nf3 e5 3. d4 exd4 4. Nxd4 Nf6 5. Nxc6 bxc6 6. Bd3 Bc5 7. e5 Qe7 8.
O-O Nd5 9. Qh5 Bd4 10. Bg5 Qb4 11. Nd2 Qxb2 12. Nc4 Qxa1 13. Rxa1 Bxa1 14. Ne3
Bxe5 15. Nxd5 cxd5 16. Bd2 d6 17. f4 Bd4+ 18. Kh1 c6 19. Bb4 Rb8 20. c3 Rb7 21.
a3 Bc5 22. Bxc5 dxc5 23. h4 Re7 24. Qg5 Re1+ 25. Kh2 O-O 26. Qg3 Rfe8 27. Qf2
c4 28. Bxc4 dxc4 29. Qxa7 Be6 30. Kg3 Re2 31. h5 Bd5 32. Kh4 Rxg2 33. Qd7 Rf8
34. Qh3 g5+ 35. fxg5 Re8 36. h6 f6 37. Qxg2 Bxg2 38. gxf6 {Hossa resigns} 0-1

[Event "ICS Rated blitz match"]
[Site "207.99.83.229"]
[Date "1999.06.30"]
[Round "?"]
[White "Beadle"]
[Black "Hossa"]
[Result "1-0"]
[WhiteElo "2640"]
[BlackElo "2421"]
[PlyCount "140"]

1. e4 Nc6 2. d4 e5 3. d5 Nce7 4. c4 Ng6 5. Nc3 Bb4 6. Nge2 Nf6 7. a3 Bc5 8. b4
Be7 9. Ng3 O-O 10. Be2 a5 11. Rb1 Nf4 12. Bxf4 exf4 13. Nf5 d6 14. Nd4 axb4 15.
axb4 Ra3 16. Qc1 Rxc3 17. Qxc3 Nxe4 18. Qc2 Nf6 19. Qc1 Nd7 20. Qxf4 Bg5 21.
Qf5 Bf6 22. Rd1 Re8 23. Qc2 Qe7 24. Rd2 Bxd4 25. Rxd4 Qe5 26. Rd2 Qa1+ 27. Rd1
Qe5 28. Kf1 Nf6 29. Bf3 Bd7 30. Qc1 b5 31. c5 dxc5 32. Qxc5 Bf5 33. Qxb5 Bc2
34. Rc1 Qd4 35. Kg1 Qf4 36. Qf1 Bd3 37. Qd1 Bf5 38. b5 Bd7 39. g3 Qd6 40. Qb3
Bh3 41. Qd3 Qe5 42. Bg2 Bg4 43. Qd2 Re7 44. h4 Qf5 45. Qa5 Re2 46. Rf1 Qd7 47.
b6 cxb6 48. Qxb6 Rc2 49. Ra1 Qe8 50. d6 Bd7 51. Qe3 Qxe3 52. fxe3 Rd2 53. Ra8+
Ne8 54. Bh3 f5 55. Bxf5 Bxf5 56. Rxe8+ Kf7 57. Re7+ Kf6 58. e4 Rxd6 59. Re8 Kf7
60. Re5 Bg6 61. h5 Kf6 62. hxg6 Kxe5 63. gxh7 Rd1+ 64. Kg2 Rd2+ 65. Kf3 Rd3+
66. Kg4 Rd8 67. h8=Q Rxh8 68. Rxh8 g6 69. Re8+ Kd6 70. e5+ 70... Kd5 {
Hossa resigns} 1-0

[Event "ICS rated blitz match"]
[Site "207.99.83.229"]
[Date "1999.06.30"]
[Round "?"]
[White "Hossa"]
[Black "Beadle"]
[Result "0-1"]
[WhiteElo "2414"]
[BlackElo "2647"]
[PlyCount "48"]

1. e4 Nc6 2. d4 e5 3. d5 Nce7 4. c4 Ng6 5. Nc3 Bb4 6. Nge2 Nf6 7. a3 Bxc3+ 8.
Nxc3 d6 9. Be2 c5 10. Bg5 Bd7 11. O-O O-O 12. Qd2 Rc8 13. Qe3 h6 14. Bxh6 gxh6
15. Qxh6 Nh7 16. f4 exf4 17. Nb5 Bxb5 18. cxb5 Qg5 19. Qh3 Qe5 20. Bg4 Rce8 21.
Qb3 Nf6 22. Bf3 Qd4+ 23. Kh1 Nxe4 24. Qc2 24... Ng3+ {Hossa resigns} 0-1

[Event "ICS rated blitz match"]
[Site "207.99.83.229"]
[Date "1999.06.30"]
[Round "?"]
[White "Beadle"]
[Black "Hossa"]
[Result "1-0"]
[WhiteElo "2654"]
[BlackElo "2407"]
[PlyCount "82"]

1. e4 Nc6 2. d4 e5 3. d5 Nce7 4. c4 Ng6 5. Nc3 Bb4 6. Nge2 Nf6 7. a3 Bxc3+ 8.
Nxc3 d6 9. Be2 c5 10. dxc6 bxc6 11. c5 d5 12. exd5 Nxd5 13. Nxd5 Qxd5 14. Qxd5
cxd5 15. O-O O-O 16. c6 a5 17. Bd2 Ba6 18. Rfe1 Bxe2 19. Rxe2 a4 20. Rc1 d4 21.
f3 Rfc8 22. Rc5 Ra6 23. c7 h6 24. Ba5 Nf4 25. Rexe5 Nd3 26. Red5 Rxa5 27. Rxa5
Rxc7 28. h4 Rc4 29. Ra7 Nxb2 30. Rd8+ Kh7 31. Rxf7 Kg6 32. Rdd7 d3 33. Rxg7+
Kf5 34. Rd6 Rxh4 35. Rb7 Ke5 36. Rd8 Nc4 37. g3 Rh3 38. Kg2 Nxa3 39. Kxh3 Kf5
40. Rb6 Ke5 41. Kg4 41... h5+ {Hossa resigns} 1-0

[Event "ICS Rated blitz match"]
[Site "207.99.83.229"]
[Date "1999.06.30"]
[Round "?"]
[White "Hossa"]
[Black "Beadle"]
[Result "0-1"]
[WhiteElo "2401"]
[BlackElo "2660"]
[PlyCount "99"]

1. e4 c6 2. d4 d5 3. Nc3 dxe4 4. Bc4 Nf6 5. f3 b5 6. Be2 Bf5 7. fxe4 Nxe4 8.
Nf3 Nxc3 9. bxc3 e6 10. a4 Qa5 11. Bd2 bxa4 12. O-O a3 13. Nh4 Be4 14. Rf4 f5
15. Bc4 g6 16. Bxe6 Bd6 17. Rf2 Nd7 18. Qe1 Nf6 19. Re2 Rb8 20. Bg5 Rf8 21. Kh1
Ke7 22. Bc4 Kd7 23. Bb3 Kc8 24. Ra2 Nd5 25. Bd2 Qd8 26. c4 Nf4 27. Bxf4 Bxf4
28. Qf2 Bc7 29. c5 Rb4 30. Rxa3 Qxd4 31. Rxa7 Qxf2 32. Rxf2 Rd8 33. Ra1 Be5 34.
Rc1 Bd4 35. Re2 Bxc5 36. Be6+ Kc7 37. c3 Ra4 38. Nf3 Bxf3 39. gxf3 Rf4 40. Kg2
Rd3 41. Bg8 Rdxf3 42. Bxh7 Rd3 43. h3 Rh4 44. Re5 Rd2+ 45. Kf1 Rxh3 46. Re2
Rxe2 47. Kxe2 Rxh7 48. Rf1 Rh3 49. Kd2 f4 50. Kc2 {Hossa resigns} 0-1

[Event "ICS Rated blitz match"]
[Site "207.99.83.229"]
[Date "1999.06.30"]
[Round "?"]
[White "Beadle"]
[Black "Hossa"]
[Result "1-0"]
[WhiteElo "2666"]
[BlackElo "2395"]
[PlyCount "67"]

1. e4 Nc6 2. Nf3 e5 3. Bb5 g6 4. Nc3 Bg7 5. d3 Nge7 6. Bg5 O-O 7. Nd5 f6 8. Bc4
Kh8 9. Be3 f5 10. Bg5 fxe4 11. dxe4 d6 12. h4 h6 13. h5 b5 14. Nxe7 Nxe7 15.
Bxe7 Qxe7 16. Nh4 Qg5 17. Nxg6+ Kh7 18. Nxf8+ Bxf8 19. Qd5 Qxg2 20. Rh2 Qg1+
21. Bf1 Qxh2 22. Qxa8 Qf4 23. Qxc8 Qxe4+ 24. Be2 Qh1+ 25. Kd2 Qxa1 26. Qf5+ Kg8
27. Qg6+ Bg7 28. Bg4 Qxa2 29. b3 Qa5+ 30. Ke2 Qc3 31. Qe8+ Bf8 32. Be6+ Kh8 33.
Qxf8+ Kh7 34. Qg8# {Hossa checkmated} 1-0

[Event "ICS Rated blitz match"]
[Site "207.99.83.229"]
[Date "1999.06.30"]
[Round "?"]
[White "Hossa"]
[Black "Beadle"]
[Result "0-1"]
[WhiteElo "2389"]
[BlackElo "2672"]
[PlyCount "95"]

1. e4 c6 2. d4 d5 3. Nc3 dxe4 4. Nxe4 Bf5 5. Ng3 Bg6 6. Nf3 Nd7 7. Bd3 e6 8.
Bxg6 hxg6 9. Qd3 Ngf6 10. Bd2 Bd6 11. O-O-O Ng4 12. Qe2 Qb8 13. Ne4 Ngf6 14.
Nxf6+ gxf6 15. c4 Rh5 16. Qe1 Kf8 17. h4 Rf5 18. Qe2 Bf4 19. Kb1 Bxd2 20. Qxd2
Kg8 21. Qe2 Qf4 22. Rhf1 Qg4 23. Rg1 Nb6 24. h5 Rxh5 25. Ka1 e5 26. Qf1 e4 27.
Nd2 Rd8 28. f3 exf3 29. Nxf3 Re8 30. c5 Nd5 31. Rd3 Nf4 32. Rd2 Qg3 33. Rf2 Re4
34. Kb1 b5 35. Ka1 g5 36. a4 bxa4 37. Ka2 g4 38. Kb1 Kf8 39. Ka2 Ne6 40. Nd2
Rxd4 41. Qe2 Re5 42. Qf1 Red5 43. Nf3 Rd1 44. Qxd1 Rxd1 45. Rxd1 Qxf2 46. Ne1
Qe2 47. Rb1 Qc4+ 48. Ka1 {Hossa resigns} 0-1

[Event "ICS Rated blitz match"]
[Site "207.99.83.229"]
[Date "1999.06.30"]
[Round "?"]
[White "Beadle"]
[Black "Hossa"]
[Result "1-0"]
[WhiteElo "2677"]
[BlackElo "2384"]
[PlyCount "130"]

1. d4 d5 2. c4 e6 3. Nc3 Nf6 4. Bg5 Nbd7 5. e3 Bb4 6. cxd5 exd5 7. Bd3 O-O 8.
Nge2 Be7 9. Nf4 h6 10. Bxf6 Nxf6 11. O-O c6 12. h3 Qb6 13. b3 a5 14. Rc1 Qb4
15. Qf3 Re8 16. Nh5 a4 17. Nxf6+ Bxf6 18. Nxa4 Qd2 19. Rfd1 Qb4 20. Rc2 Bg5 21.
Qg3 Ra5 22. Qc7 Ra8 23. Nc5 Be7 24. Kh1 Ra3 25. Qe5 g6 26. f3 Qa5 27. Na4 Qd8
28. Qh2 Bd6 29. Qg1 Bg3 30. Rb1 Qe7 31. Qf1 Kh8 32. f4 Bg4 33. Nc5 Qh4 34. Qc1
Ra7 35. Kg1 Bc8 36. Re2 f5 37. Rbb2 Kg8 38. Rbc2 Re7 39. Qd2 Rf7 40. Qb4 Ra8
41. Na4 Be6 42. Rc1 Re8 43. Nc5 Bc8 44. Rf1 Rfe7 45. Qd2 Kh8 46. b4 b6 47. Na4
b5 48. Nc5 Ra7 49. a4 bxa4 50. b5 cxb5 51. Bxb5 Ree7 52. Qa2 Be6 53. Nxe6 Rxe6
54. Qxd5 Ree7 55. Qc6 Rg7 56. Bxa4 Rg8 57. Bb3 Rb8 58. Bd5 Rd8 59. Ra2 Rad7 60.
Qxg6 Rf8 61. Ra6 Rh7 62. Qd6 Re8 63. Be6 Rhe7 64. Qe5+ Rg7 65. Rf3 65... Bxf4 {
Hossa resigns} 1-0

[Event "ICS Rated standard match"]
[Site "207.99.83.229"]
[Date "1999.06.30"]
[Round "?"]
[White "Secret"]
[Black "Hossa"]
[Result "1-0"]
[WhiteElo "2356"]
[BlackElo "2241"]
[PlyCount "89"]

1. e4 Nc6 2. Nf3 e5 3. Nc3 Nf6 4. d4 exd4 5. Nxd4 Bb4 6. Nxc6 Bxc3+ 7. bxc3
bxc6 8. Bd3 d5 9. e5 Ng4 10. O-O O-O 11. f4 Qh4 12. h3 Nh6 13. Ba3 Re8 14. Qe1
Qxe1 15. Rfxe1 Rb8 16. Kf2 Nf5 17. c4 a5 18. cxd5 cxd5 19. Bc5 Be6 20. g4 Ne7
21. Rab1 Nc6 22. Rxb8 Rxb8 23. f5 Bc8 24. e6 fxe6 25. fxe6 g6 26. c4 Rb2+ 27.
Kf3 Ba6 28. e7 Nxe7 29. Rxe7 Bxc4 30. Re8+ Kf7 31. Re7+ Kg8 32. Bxc4 dxc4 33.
Bd4 Rd2 34. Bf6 c6 35. Rg7+ Kf8 36. Rxh7 Rxa2 37. Kf4 Ke8 38. Re7+ Kf8 39. Kg5
Rd2 40. Kxg6 Rd6 41. Re5 a4 42. Rc5 Rd5 43. Rxc6 Ke8 44. h4 Ra5 45. h5 {
Hossa resigns} 1-0

[Event "ICS rated blitz match"]
[Site "207.99.83.229"]
[Date "1999.06.30"]
[Round "?"]
[White "Hossa"]
[Black "blunite"]
[Result "1-0"]
[WhiteElo "2396"]
[BlackElo "2223"]
[PlyCount "47"]

1. e4 e5 2. Nf3 Nc6 3. Bb5 a6 4. Bxc6 dxc6 5. O-O Bg4 6. h3 h5 7. d3 Qf6 8.
hxg4 hxg4 9. Bg5 Qg6 10. Nxe5 Qh5 11. f4 f6 12. Kf2 fxg5 13. Qxg4 Bc5+ 14. Ke1
Qh4+ 15. Qxh4 gxh4 16. Rh1 Rh6 17. Nd2 Nf6 18. Ndf3 h3 19. Rxh3 Rxh3 20. gxh3
O-O-O 21. Kf1 Rh8 22. Kg2 Be3 23. Re1 Bxf4 24. Ng6 {blunite resigns} 1-0

[Event "ICS rated blitz match"]
[Site "207.99.83.229"]
[Date "1999.06.30"]
[Round "?"]
[White "blunite"]
[Black "Hossa"]
[Result "0-1"]
[WhiteElo "2214"]
[BlackElo "2405"]
[PlyCount "66"]

1. d4 d5 2. c4 c6 3. Nf3 Nf6 4. cxd5 cxd5 5. Nc3 Nc6 6. Bf4 Bf5 7. Qb3 Na5 8.
Qa4+ Bd7 9. Qc2 Rc8 10. e3 Ne4 11. Bd3 Nc6 12. a3 Nxc3 13. bxc3 Bg4 14. Ne5
Nxe5 15. Bxe5 f6 16. Bg3 Qa5 17. O-O Rxc3 18. Bb5+ Kf7 19. Qd2 g6 20. f3 Bh6
21. Bf4 Bxf4 22. exf4 Bf5 23. Rac1 Rxa3 24. Qxa5 Rxa5 25. Be2 Ra2 26. Rfe1 Rc8
27. Kf1 Rxc1 28. Rxc1 Bc2 29. Ke1 Rb2 30. g4 Rb1 31. Kd2 Rxc1 32. Kxc1 Bb3 33.
Kb2 33... Bc4 {blunite resigns} 0-1